000
00284nam a2200109Ia 4500
005
20251222143235.0
008
251222s9999||||xx |||||||||||||| ||spa||
082
_a
649.33/M61
245
0
_a
Informe Anual 2011
264
_b
Ministerio de la Mujer y Poblaciones Vulnerables
942
_c
LIB
999
_c
14334
_d
14334